000 00731nam a2200193Ia 4500
008 0000001992 fr a 0000000000eng00
090 _aPUS00 C67a
110 1 _aCotton Moore, Arthur, 1935
245 1 0 _aArthur Cotton Moore
_b: urban stories
300 _a[4] p.
_c/ 28 cm.
500 _aExposición realizada en Galerie Gasnier Kamien, Paris \ Con el patronazgo del maestro venezolano Jesús Rafael Soto (q.e.p.d.)
600 0 0 _aMOORE, ARTHUR COTTON, 1935/
_xTRABAJOS PICTORICOS
650 1 4 _aARTE CONTEMPORANEO ESTADOUNIDENSE
650 1 4 _xCATALOGOS
650 1 4 _xEXPOSICIONES
650 1 4 _aPINTORES ESTADOUNIDENSES
650 1 4 _aPINTURA ESTADOUNIDENSE
999 _c2169
_d2169
260 _aParis: Galerie Gasnier Kamien
_c1992